[Event "Ustron op-C"]
[Site "Ustron"]
[Date "2021.08.14"]
[Round "1"]
[White "Rozek, Michal"]
[Black "Latosinski, Mateusz"]
[Result "0-1"]
[WhiteElo "1598"]
[BlackElo "1226"]
[PlyCount "72"]
[EventDate "2021.08.13"]
[EventType "swiss"]
[EventRounds "9"]
[EventCountry "POL"]
[SourceTitle "EXT 2022"]
[Source "ChessBase"]
[SourceDate "2021.10.06"]
[SourceVersion "1"]
[SourceVersionDate "2021.10.06"]
[SourceQuality "1"]

1. e4 e5 2. Nf3 Nc6 3. Bc4 Bc5 4. 0-0 Nf6 5. d3 h6 6. c3 Bb6 7. Nbd2 d6 8. h3 0-0 9. Re1 Bd7 10. Bb3 Ne7 11. Nf1 Kh8 12. Ng3 Nh7 13. d4 f6 14. Nh4 f5 15. Ngxf5 Be8 16. Qg4 Nxf5 17. Nxf5 Qf6 18. Re3 g6 19. Rg3 h5 20. Qh4 gxf5 21. Qxf6+ Nxf6 22. Bh6 Nxe4 23. Bxf8 Nxg3 24. fxg3 exd4 25. Kh2 dxc3 26. bxc3 Bc6 27. Be7 Kg7 28. g4 Re8 29. Re1 hxg4 30. hxg4 Bf2 31. Re3 Bxe3 32. Bh4 Rh8 33. g3 fxg4 34. c4 Bf3 35. c5 dxc5 36. a4 Bg5 0-1